000 00393nam a2200133Ia 4500
008 231221s9999 xx 000 0 und d
020 _a978-0-85729-296-4
041 _aEnglish
100 _aAnanda S. Chowdhury, Suchendra M. Bhandarkar
245 0 _aComputer Vision-Guided Virtual Craniofacial Surgery
260 _c2011
_bSpringer US
_aNew York
650 _aComputer Science
942 _cEB
999 _c218385
_d218385